000 00288nam a2200145Ia 4500
100 _aKanetkar/ Yashwant
942 _cBK
654 _aC
245 _aLet us C++
260 _bBPB Publication
_c1999
082 _a005.133'C'++
_bKA
300 _a605
546 _aENGLISH
999 _c22311
_d22311